Jurisprudence general : (Record no. 33490)
[ view plain ]
| 000 -CABECERA | |
|---|---|
| campo de control de longitud fija | 00719nam a2200169 a 4500 |
| 001 - NÚMERO DE CONTROL | |
| campo de control | 000033999 |
| 005 - FECHA Y HORA DE LA ÚLTIMA TRANSACCIÓN | |
| campo de control | 20200930070705.0 |
| 008 - DATOS DE LONGITUD FIJA--INFORMACIÓN GENERAL | |
| campo de control de longitud fija | 110920s1864 fr 000 0 fre d |
| 040 ## - FUENTE DE LA CATALOGACIÓN | |
| Centro catalogador/agencia de origen | DO-SdBNP |
| Centro/agencia transcriptor | BNPHU |
| 082 ## - NÚMERO DE LA CLASIFICACIÓN DECIMAL DEWEY | |
| Número de clasificación | xxxx |
| Número de documento/Ítem | D147j |
| 100 1# - ENTRADA PRINCIPAL--NOMBRE DE PERSONA | |
| Nombre de persona | Dalloz, M. D. |
| 9 (RLIN) | 59448 |
| 245 10 - MENCIÓN DE TÍTULO | |
| Título | Jurisprudence general : |
| Resto del título | Repertoire méthodique et alphabétique de législation, de doctrine et de jurisprudence en matiére de droit civil, commercial, criminel, administratif de droit des gens et de droit public / |
| Mención de responsabilidad, etc. | M. D. Dalloz, M. Armand Dalloz. |
| 260 ## - PUBLICACIÓN, DISTRIBUCIÓN, ETC. | |
| Lugar de publicación, distribución, etc. | París : |
| Nombre del editor, distribuidor, etc. | Bureau de la Jurisprudence Générale, |
| Fecha de publicación, distribución, etc. | 1864. |
| 300 ## - DESCRIPCIÓN FÍSICA | |
| Extensión | v. ; |
| Dimensiones | 28 cm. |
| 500 ## - NOTA GENERAL | |
| Nota general | La biblioteca posee el tomo 44-parte 2 |
| 700 1# - PUNTO DE ACCESO ADICIONAL--NOMBRE DE PERSONA | |
| Nombre de persona | Dalloz, M. Armand |
| 9 (RLIN) | 59449 |
| Estado de retiro | Estado de pérdida | Restricciones de uso | No para préstamo | Código de colección | Localización permanente | Ubicación/localización actual | Ubicación en estantería | Fecha de adquisición | Número de inventario | Total de préstamos | Signatura topográfica completa | Código de barras | Fecha visto por última vez | Precio válido a partir de | Tipo de ítem Koha |
|---|---|---|---|---|---|---|---|---|---|---|---|---|---|---|---|
| Excluido de préstamo | Raros y valiosos | General | General | En catalogación | 20.09.2011 | LF1 | xxxx D147j | 33999-10 | 25.06.2020 | 25.06.2020 | No se presta |
